000 01254 a2200253 4500
001 52997
005 20260407155804.0
008 260407a1986 arg spa d
003 AR-UNSa-BCEJYS
040 _aAR-UNSa-BCEJYS
_bspa
_cAR-UNSa-BCEJYS
080 _a519.2
_xProbabilidades y estadística matemática
245 1 0 _aIntroducción al análisis estadístico para economistas
020 _a84-267-0401-8
264 1 _aBarcelona :
_bMarcombo
_c1986
300 _axii, 284 p.
_c21 cm.
505 _a1. Introducción - 2. Teoría de la probabiliad - 3. Variables aleatorias y distribuciones de referencias - 4. Muestreo y teoría del muestreo - 5. Estimación - 6. Contraste de hipótesis - 7. Relaciones entre variables Análisis de la correlación y de los contraste de concordancia emtre variables - 8. Análisis de regresión simple - 9. Análisis de regresión multiple - 10. Series temporales - 11. Limitaciones del análisis de la regresión.
041 _aspa
942 _cBK
590 _aniveau_biblio:m niveau_hierar:0
100 1 _aThomas, J.J.
700 1 _aSatorra Brucart, Alberto
700 1 _aMurrillo Fort, Carlos
856 4 1 _uhttps://www.biblioeco.unsa.edu.ar/pmb/images/libros/L128393.jpg
_yImagen de portada
_qimage/jpeg
999 _c5044
_d5044